=LDR 00000nam 2200000 4500 =001 000563 =005 20250711124435 =035 ##$$a 0010-0725000431 =007 ta =008 250711################a##########0#ind## =020 ##$$a 978-623-472-034-1 =082 ##$$a 398.209 598 =084 ##$$a 398.209 598 AMA b =100 #$$a Amaya, Alankrita =245 1#$$a Bonus Satu Kulfi! /$c Alankrita Amaya =250 ##$$a cetakan pertama =260 ##$$a Jakarta :$b badan pengembangan dan pembinaan bahasa,$c 2022 =300 ##$$a 20 hlm. : $b ilus. ; $c 22,9 cm$e 398.209 598 =856 ##$$a TBM As Suhada =990 ##$$a TBM03240324